El gatopardo: novela

Saved in:
Bibliografiske detaljer
Hovedforfatter: Tomasi de Lampedusa, Giuseppe (Author)
Format: Bog
Sprog:spansk
Udgivet: Barcelona Noguer 1961
Udgivelse:7a. ed
Fag:
Tags: Tilføj Tag
Ingen Tags, Vær først til at tagge denne postø!

MARC

LEADER 00000nam a2200000 a 4500
001 UCK4994
003 CL-VaPUC
008 050708e19610000SP |||||||||||||||||spa|d
082 0 4 |a 853  |b TOM  |2 21 
100 0 |a Tomasi de Lampedusa, Giuseppe  |e author  |9 493658 
245 1 3 |a El gatopardo: novela 
250 |a 7a. ed 
300 |a 287 p 
942 |c BK 
945 |d 20050708 00:00:00  |a cmena 
260 |a Barcelona  |b Noguer  |c 1961 
650 0 |a Novela italiana  |9 265740 
650 0 |a Literatura italiana  |9 266970 
583 |a last modification  |c 20050708 00:00:00  |k Rodrigo Vera 
999 |c 313693  |d 313691 
952 |0 0  |1 0  |4 0  |6 853_000000000000000_TOM_1961  |7 0  |8 A  |9 385179  |a BIBEDU  |b BIBEDU  |d 2019-11-22  |i 4143884  |l 2  |m 1  |o 853 TOM 1961  |p 4143884  |r 2023-09-14  |s 2023-07-20  |w 2019-11-22  |y BK  |k LIT